书目信息 |
| 题名: |
思想品德
|
|
| 作者: | 徐斌 , 关仁辅 册主编 ;人民教育出版社 编著 | |
| 分册: | 第二册 | |
| 出版信息: | 北京 人民教育出版社 1996 |
|
| 页数: | 60页 | |
| 开本: | 21cm | |
| 丛书名: | ||
| 单 册: | ||
| 中图分类: | G762 , G621 | |
| 科图分类: | ||
| 主题词: | 思想品德课--聋哑教育--儿童教育--特殊教育--教材 , 思想品德课 , 聋哑教育 , 儿童教育 , 特殊教育 , 教育--各级 | |
| 电子资源: | ||
| ISBN: | 978-7-107-11891-3 | |
| 000 | 00959nam0 2200325 450 | |
| 001 | 1559864780 | |
| 005 | 20150207163904.09 | |
| 010 | @a978-7-107-11891-3@dCNY4.40 | |
| 100 | @a20131121e20121996cemy0chiy50 ea | |
| 101 | 0 | @achi |
| 102 | @aCN@b110000 | |
| 105 | @aa z 000yy | |
| 200 | 1 | @a思想品德@9si xiang pin de@h第二册@f人民教育出版社政治室编著 |
| 210 | @a北京@c人民教育出版社@d1996@h2012重印 | |
| 215 | @a60页@c彩图@d21cm | |
| 300 | @a全日制聋校实验教材/吴履平主编 | |
| 314 | @a徐斌,关仁辅册主编 | |
| 606 | 0 | @a思想品德课@x聋哑教育@x儿童教育@x特殊教育@j教材 |
| 606 | 0 | @a思想品德课 |
| 606 | 0 | @a聋哑教育 |
| 606 | 0 | @a儿童教育 |
| 606 | 0 | @a特殊教育 |
| 606 | 0 | @a教育@x各级 |
| 690 | @aG762@v5 | |
| 690 | @aG621@v4 | |
| 701 | 0 | @a徐斌@9xu bin@4册主编 |
| 701 | 0 | @a关仁辅@9guan ren fu@4册主编 |
| 712 | 02 | @a人民教育出版社@9ren min jiao yu chu ban she@b政治室@4编著 |
| 801 | 0 | @aCN@bTSSF@c20150207 |
| 905 | @aZUCC@dG621@eJY5:2 | |
| 思想品德.第二册/人民教育出版社政治室编著.-北京:人民教育出版社,1996(2012重印) |
| 60页:彩图;21cm |
| 全日制聋校实验教材/吴履平主编 |
| ISBN 978-7-107-11891-3:CNY4.40 |
| ● |
| 相关链接 |
|
|
|
|
正题名:思想品德
索取号:G621/JY5:2
 
预约/预借
| 序号 | 登录号 | 条形码 | 馆藏地/架位号 | 状态 | 备注 |
| 1 | 7844550 | 278445504 | 学院路分馆/ [索取号:G621/JY5:2] | 在馆 |